• 首页
  • 本馆介绍
  • 公告通知
  • 最新文献
  • 馆藏检索
  • 电子资源
  • 读者导购
  • 参考咨询
  • 我的图书馆
  • 登录
  • 详细信息显示
  • 放入我的书架
  • 预约/预借图书
  • 作者相关作品
  • 分类相关作品
  • 丛书相关作品
  • 出版社相关作品

书目信息

  • 表格格式
  • 工作单格式
  • 卡片格式
书名: Anglo-American cataloguing rules, second edition
作者: Joint Steering Committee for Revision of AACR.
分册号:
分册名: Revisions 1983 /
出版地: Chicago :
 
出版社: American Library Association
出版时间: 1984.
页数: [50] leaves ;
开本: 24 cm.
丛书名:
中图分类号:
科图分类号:
其他分类号: G254.31
主题词:
电子资源:
000 00811cam 2200241 a 45x0
001 E0760828297
003 OCoLC
005 20070727165109.89
008 040421s1984 ilu 000 0 eng
010    @a 83021474
020    @a0838933009 :@cCNY20.00.
040    @aDLC@cDLC
050 00 @aZ694@b.A5 1984
090    @aG254.31
099    @dG254.31@ex9=2
130 0  @aAnglo-American cataloguing rules.@pRevisions (1988)
245 00 @aAnglo-American cataloguing rules, second edition.@pRevisions 1983 / @cJoint Steering Committee for Revision of AACR.
250    @a2nd ed.
260    @aChicago :@bAmerican Library Association,@c1984.
300    @a[50] leaves ;@c24 cm.
650  0 @aDescriptive cataloging@xRules.
710 2  @aJoint Steering Committee for Revision of AACR.
920    @a232010@z2
    
    Anglo-American cataloguing rules, second edition.. Revisions 1983 / / Joint Steering Committee for Revision of AACR.-2nd ed.-Chicago : : American Library Association, , 1984.
    [50] leaves ; ; 24 cm.
    
    
    ISBN 0838933009 :CNY20.00.
    
●
相关链接 在E读中查询图书 在五车中查询图书 在当当中查询图书 在豆瓣中查询图书


正题名:Anglo-American cataloguing rules, second edition     索取号:G254.31/x9=2         预约/预借

序号 登录号 条形码 馆藏地/架位号 状态 备注
1 0014105   300141059   密集书库/ [索取号:G254.31/x9=2] 在馆    
2 182103   001170841   第四借阅区/ [索取号:G254.31/x9=2] 在馆    
3 182104   001170814   第四借阅区/ [索取号:G254.31/x9=2] 在馆    
4 182105   001171127   第四借阅区/ [索取号:G254.31/x9=2] 在馆    
5 182106   001170271   第二样本阅览室/ [索取号:G254.31/x9=2] 在馆    
6 182107   001170315   第四借阅区/ [索取号:G254.31/x9=2] 在馆    
7 182108   001171172   第四借阅区/ [索取号:G254.31/x9=2] 在馆    
唐山师范学院图书馆 欢迎您!
大连网信软件有限公司© 版权所有